书目信息 |
| 题名: |
基础化学实验
|
|
| 作者: | 王艳芝, 谢丹阳, 陈蓉娜编 | |
| 分册: | ||
| 出版信息: | 哈尔滨 哈尔滨工业大学出版社 2006.03 |
|
| 页数: | 107页 | |
| 开本: | 26cm | |
| 丛书名: | 工科基础化学系列教材 | |
| 单 册: | ||
| 中图分类: | O6-3 | |
| 科图分类: | ||
| 主题词: | 化学实验-高等学校 | |
| 电子资源: | ||
| ISBN: | 7-5603-2239-5 | |
| 000 | 00826nam0 2200229 45 | |
| 001 | 010463838687 | |
| 005 | 20070607160555.00 | |
| 010 | @a7-5603-2239-5@dCNY15.00 | |
| 100 | @a20061027d2006 ekmy0 y0120 ea | |
| 102 | @aCN@b230000 | |
| 105 | @ay z 000yy | |
| 200 | 1 | @a基础化学实验@e少学时@f王艳芝, 谢丹阳, 陈蓉娜编 |
| 210 | @a哈尔滨@c哈尔滨工业大学出版社@d2006.03 | |
| 215 | @a107页@d26cm | |
| 225 | 2 | @a工科基础化学系列教材 |
| 330 | @a本书为高等学校教材,根据现行基础化学实验课程体系和教学模式改革的需求而编写,全书分为基础知识,基本技术,基本操作实验,化合物的制备提纯及性质,物质的定量分析实验,物理化学量的测定实验,常用仪器简介及附录共八章。 | |
| 606 | 1 | @a化学实验-高等学校 |
| 690 | @aO6-3@v4 | |
| 701 | 0 | @a王艳芝, 谢丹阳, 陈蓉娜编 |
| 801 | 0 | @aCN@c20070607 |
| 905 | @dO6-3@eW419 | |
| 906 | @dCNY15.00@n2@r1 | |
| 基础化学实验:少学时/王艳芝, 谢丹阳, 陈蓉娜编.-哈尔滨:哈尔滨工业大学出版社,2006.03 |
| 107页;26cm.-(工科基础化学系列教材) |
| ISBN 7-5603-2239-5:CNY15.00 |
| 本书为高等学校教材,根据现行基础化学实验课程体系和教学模式改革的需求而编写,全书分为基础知识,基本技术,基本操作实验,化合物的制备提纯及性质,物质的定量分析实验,物理化学量的测定实验,常用仪器简介及附录共八章。 |
| ● |
| 相关链接 |
|
|
|
正题名:基础化学实验
索取号:O6-3/W419
 
预约/预借
| 序号 | 登录号 | 条形码 | 馆藏地/架位号 | 状态 | 备注 |
| 1 | 230278 | 202302784 | 自科库401/401自科库 61排1列1层/ [索取号:O6-3/W419] | 在馆 | |
| 2 | 230279 | 202302793 | 自科库401/401自科库 61排1列1层/ [索取号:O6-3/W419] | 在馆 |